| 000 | 00865nam a2200229 a 4500 | ||
|---|---|---|---|
| 999 |
_c10555 _d10555 |
||
| 001 | 10555 | ||
| 003 | BD-JhCC | ||
| 005 | 20221107134024.0 | ||
| 008 | 180710s2017 bg |||| |||| 000 0 ben d | ||
| 020 | _a9789844952652 | ||
| 035 | _a(BD-JhCC)10555 | ||
| 040 |
_aBD-JhCC _dBD-JhCC |
||
| 041 | _aben | ||
| 082 |
_a891.44 _bMAM 2017 |
||
| 100 | _aমামুন, মোস্তফা | ||
| 245 |
_aকিশোর গোয়েন্দা তনু কাকা সিরিজ রেস্তোরাঁ রহস্য / _cমোস্তফা মামুন |
||
| 260 |
_aঢাকা : _bপার্ল পাবলিকেশন্স, _c২০১৭. |
||
| 300 |
_a১১১ পৃ. : _c১৮ সেমি. |
||
| 650 | _aBengali Deactivate Novel | ||
| 650 | _aবাংলা গয়েন্দা উপন্যাস | ||
| 942 |
_2ddc _cBK _017 |
||